[Event "Foment Martinenc op-A 17th"]
[Site "Barcelona"]
[Date "2015.06.20"]
[Round "9"]
[White "Urrutia Mule, Oriol"]
[Black "Blasco Benito, Albert"]
[Result "1-0"]
[WhiteElo "1667"]
[BlackElo "2079"]
[PlyCount "111"]
[EventDate "2015.04.25"]
[EventType "swiss"]
[EventRounds "9"]
[EventCountry "ESP"]
[SourceTitle "EXT 2017"]
[Source "ChessBase"]
[SourceDate "2016.10.25"]
[SourceVersion "1"]
[SourceVersionDate "2016.10.25"]
[SourceQuality "1"]

1. e4 e5 2. Nc3 Nc6 3. g3 Nf6 4. Bg2 Bc5 5. Nge2 a6 6. 0-0 d6 7. d3 Bg4 8. h3 Be6 9. Nd5 Ne7 10. Nxf6+ gxf6 11. d4 exd4 12. Nxd4 Qd7 13. Nxe6 Qxe6 14. Qf3 Nc6 15. Be3 Ne5 16. Qe2 0-0-0 17. b4 Bxb4 18. Rab1 Bc5 19. Rb3 Qc4 20. Qd2 b6 21. f4 Nc6 22. Rd1 Na5 23. Rbb1 Bxe3+ 24. Qxe3 Qc5 25. Qxc5 dxc5 26. Kf2 Nc4 27. Bf1 Nd2 28. Bxa6+ Kb8 29. Rbc1 Nxe4+ 30. Kf3 Nd2+ 31. Kg2 c4 32. Bb5 Rd6 33. c3 c6 34. Ba4 Re8 35. Re1 Rde6 36. Rxe6 Rxe6 37. Kf2 Ne4+ 38. Kf3 h5 39. Bd1 Nc5 40. Bc2 Rd6 41. Rd1 Kc7 42. Rxd6 Kxd6 43. g4 h4 44. g5 fxg5 45. fxg5 Ke5 46. Kg4 Ne4 47. Kxh4 Nxc3 48. Kg4 Nxa2 49. h4 Nb4 50. h5 Nd5 51. h6 Nf6+ 52. gxf6 Kxf6 53. Kf4 c5 54. Ke3 c3 55. Be4 b5 56. Kd3 1-0

[Event "Foment Martinenc op-A 17th"]
[Site "Barcelona"]
[Date "2015.04.25"]
[Round "1"]
[White "Blasco Benito, Albert"]
[Black "Alvarez Albiol, Victor"]
[Result "1-0"]
[WhiteElo "2079"]
[BlackElo "1754"]
[PlyCount "61"]
[EventDate "2015.04.25"]
[EventType "swiss"]
[EventRounds "9"]
[EventCountry "ESP"]
[SourceTitle "EXT 2017"]
[Source "ChessBase"]
[SourceDate "2016.10.25"]
[SourceVersion "1"]
[SourceVersionDate "2016.10.25"]
[SourceQuality "1"]

1. e4 c5 2. Nf3 e6 3. d4 cxd4 4. Nxd4 Nc6 5. Nc3 Qc7 6. Be3 a6 7. Qd2 Nf6 8. 0-0-0 Bb4 9. f3 Ne5 10. a3 Be7 11. f4 Ng6 12. e5 Ng4 13. Bd3 Nxe3 14. Qxe3 b5 15. Ne4 Bb7 16. Nd6+ Kf8 17. Nxb7 Qxb7 18. Be4 Qc8 19. Bxa8 Qxa8 20. f5 h6 21. Kb1 Bg5 22. Qc3 Nf4 23. Qc7 Nxg2 24. fxe6 dxe6 25. Nxe6+ fxe6 26. Rhf1+ Kg8 27. Rf7 Rh7 28. Rdd7 Qe8 29. Rxg7+ Rxg7 30. Rxg7+ Kf8 31. Rh7 1-0

[Event "Foment Martinenc op-A 16th"]
[Site "Barcelona"]
[Date "2014.06.14"]
[Round "8"]
[White "Blasco Benito, Albert"]
[Black "Martinez Lopez, Carlos"]
[Result "0-1"]
[WhiteElo "2120"]
[BlackElo "1780"]
[PlyCount "96"]
[EventDate "2014.04.26"]
[EventType "swiss"]
[EventRounds "9"]
[EventCountry "ESP"]
[SourceTitle "EXT 2015"]
[Source "ChessBase"]
[SourceDate "2014.11.20"]
[SourceVersion "1"]
[SourceVersionDate "2014.11.20"]
[SourceQuality "1"]

1. e4 c5 2. Nf3 Nc6 3. d4 cxd4 4. Nxd4 Qb6 5. Nb3 Nf6 6. Nc3 e6 7. a3 Be7 8. Bf4 0-0 9. Bd6 Ne8 10. Bg3 a6 11. Qd2 d6 12. 0-0-0 Qc7 13. f4 b5 14. Bf2 Rb8 15. Nd4 b4 16. Nxc6 Qxc6 17. axb4 Nc7 18. Be2 Rxb4 19. Bf3 Bd7 20. b3 Rfb8 21. Qd3 a5 22. Kd2 Nb5 23. Na2 Qc7 24. Nxb4 axb4 25. Bd4 Nxd4 26. Qxd4 Bf6 27. Qe3 Bb5 28. c4 bxc3+ 29. Kc2 Qa5 30. Ra1 Qb4 31. Rhb1 Bd4 32. Qe1 e5 33. fxe5 dxe5 34. Be2 Bc6 35. Bc4 Qe7 36. g3 Qg5 37. Rd1 Qh5 38. h4 Qf3 39. Bd3 Qg2+ 40. Qe2 Qxg3 41. h5 Rd8 42. Rf1 Qh4 43. Qf3 Qh2+ 44. Qe2 Qxe2+ 45. Bxe2 Bxe4+ 46. Bd3 Bxd3+ 47. Kxd3 c2 48. Ra2 c1Q 0-1

[Event "Catalunya-ch"]
[Site "Barcelona"]
[Date "2007.04.02"]
[Round "2"]
[White "Blasco Benito, Albert"]
[Black "Moskalenko, Viktor"]
[Result "0-1"]
[WhiteElo "2133"]
[BlackElo "2539"]
[PlyCount "84"]
[EventDate "2007.04.01"]
[EventType "swiss"]
[EventRounds "9"]
[EventCountry "ESP"]
[SourceTitle "CBM 117 Extra"]
[Source "ChessBase"]
[SourceDate "2007.05.09"]
[SourceVersion "1"]
[SourceVersionDate "2007.05.09"]
[SourceQuality "1"]

1. e4 g6 2. d4 Bg7 3. Nc3 c6 4. Be3 d6 5. Bc4 Nf6 6. f3 d5 7. exd5 b5 8. Bb3 b4 9. Ne4 Nxd5 10. Bxd5 cxd5 11. Ng3 Nc6 12. N1e2 a5 13. Qd2 h5 14. 0-0 Ba6 15. Rfe1 e6 16. Rad1 Rc8 17. Bg5 Qb6 18. c3 h4 19. Nh1 h3 20. g3 Ne5 21. Rf1 Nc4 22. Qc2 bxc3 23. bxc3 Qb2 24. Qxb2 Nxb2 25. Rd2 Nc4 26. Rc2 Na3 27. Rd2 Bxe2 28. Rxe2 Rxc3 29. Rd2 Nc4 30. Rdd1 Kd7 31. Bf4 a4 32. Nf2 Rxf3 33. Rb1 Kc6 34. Rfd1 Ra3 35. Ng4 Rxa2 36. Ne5+ Bxe5 37. Bxe5 Ra8 38. Rf1 f5 39. Rfe1 Rb2 40. Rbc1 a3 41. Bf6 Kd7 42. Be5 a2 0-1